| 000 | 00486nam a2200193Ia 4500 | ||
|---|---|---|---|
| 005 | 20220813140839.0 | ||
| 008 | 131103s9999 xx 000 0 und d | ||
| 020 |
_a8175300477 _cRs.. 195 |
||
| 040 | _aLoreto College | ||
| 041 | _aEnglish | ||
| 082 |
_aF _bGHO |
||
| 100 | _aGhosh, Amitav | ||
| 245 | 4 |
_aThe Imam and the Indian _cAmitav Ghosh |
|
| 260 |
_aNew Delhi _bRavi Dayal _c2002 |
||
| 300 | _axvi,361p, 22.5 cm. | ||
| 650 | _aProse Pieces | ||
| 850 | _aLCLIB | ||
| 942 | _cBK | ||
| 999 |
_c2204 _d52683 |
||